Miejscowości gminy Strzelno - Statystyki

Ogólne statystyki
  • Ten quiz został rozwiązany 41 razy
  • Średni wynik to 2 z 10
Answers on the Grid
Answers color-coded by a green-red scale on the quiz's grid according to % correct below.
Strzelno
Jeziora Wielkie
Bronisław
Wójcin
Bożejewice
Strzelno Klasztorne
Przyjezierze
Ciencisko
Ciechrz
Łąkie
Markowice
Bielice
Bieślin
Stodoły
Ostrowo
 
Statystyki odpowiedzi
Odpowiedź % Poprawnych
Strzelno
100%
Strzelno Klasztorne
50%
Bronisław
33%
Bożejewice
17%
Łąkie
17%
Ciechrz
0%
Ciencisko
0%
Markowice
0%
Ostrowo
0%
Stodoły
0%
Nie znaleziono quizów pasujących do podanych kryteriów
Rozkład punktacji
Procent ludzi z każdym wynikiem
Percentyl według liczby udzielonych odpowiedzi
Twoja historia wyników
Nie rozwiązałeś tego quizu